000 00935nam a22003377a 4500
001 BR7308279
003 BR-BrBNA
005 20230928084143.0
007 ta
008 230509b bl.||||| |||| 00| 0 por d
040 _aBR-BrBNA
_bpor
_cBiblioteca Nacional de Agricultura
041 _a(Por)
072 _aE10; P00
_b/G514
090 _ E10 BR7308279
110 1 _aSecretaria de Planejamento e Coordenacao Geral, Cuiaba, MT (Brasil)
_99028
245 1 _aDiagnostico economico, 2: Agropecuario e recursos naturais [Brasil]
_bv. 2
260 3 _aCuiaba, MT (Brasil):
_c1973.
300 _a235 p.
500 _aNumerical data
650 _aMacroeconomia
650 _aRecurso natural
650 _aUso da terra
650 _aMao-de-obra
650 _aDesenvolvimento agricola
650 _aSolo
650 _aAgua
650 _aClima
650 _aVegetacao
909 _a202309
_bLucia
_c55
_dLucia Elande
942 _cBK
999 _c17177
_d17177